00669 2200253 4500001002100000005001700021008004100038020001800079035002400097040001200121082001000133090001900143100001200162245007300174250001100247260003100258300002400289500002900313650001600342850001200358990001500370990001500385990001500400YOGYA-0209000003395020090227024836.0 ind  a979-497-086-7 0010-020900000033950 aYOPDYOG a636.2 aT 636.2bGun S aGUNAWAN aSapi Madura sebagai ternak kerja, potong, karapan dan sonokcGunawan aCet. 6 aYogyakartabKanisiusc1999 a64 hlmbilusc21 cm aBibliografi : hlm. 60-63 aSapi Madura aYOPDYOG a95P0059143 a00P0004271 a00P0004273